[Event "Nordic-ch VISA"]
[Site "Reykjavik"]
[Date "1997.10.18"]
[Round "10"]
[White "Akesson, Ralf"]
[Black "Schandorff, Lars"]
[Result "1/2-1/2"]
[WhiteElo "2520"]
[BlackElo "2505"]
[Annotator "Ribli,Z"]
[PlyCount "82"]
[EventDate "1997.10.08"]
[EventType "tourn"]
[EventRounds "13"]
[EventCountry "ISL"]
[EventCategory "10"]
[SourceTitle "CBM 062"]
[Source "ChessBase"]
[SourceDate "1998.01.31"]
[SourceVersion "1"]
[SourceVersionDate "1998.01.31"]
[SourceQuality "1"]

1. c4 c5 2. Nf3 Nc6 3. d4 {Weiß kann so spielen, wenn er die Variante 3.Nc3
Nd4 vermeiden möchte. Ribli.} cxd4 4. Nxd4 Nf6 5. Nc3 e6 6. g3 Qb6 7. Nb3 Ne5
8. e4 Bb4 {Eine heutzutage sehr häufig gespielte Variante. Nach meiner
persönliche Meinung bietet die ganze Variante keinen Eröffnungsvorteil für
Weiß.} 9. Qe2 d6 10. f4 (10. Bd2 O-O 11. Rc1 a5 12. f4 Nc6 13. Be3 Qc7 14. Nd2
b6 $13 {Timman,J-Gulko,B/Riga Tal/1995/CBM47/}) 10... Nc6 11. Be3 Bxc3+ 12.
bxc3 {Weiß besitzt das Läuferpaar und Entwicklungsvorspung, aber Schwarz hat
eine feste Stellung. Kann der Anziehende nicht sofort zu Angriff kommen oder
etwas Konkretes erreichen, bleiben ihm Schwächen im Endspiel.} Qc7 13. Bg2 O-O
14. O-O (14. c5 {Auch diese alte theoretische Fortsetzung bringt dem Weißen
keinen Vorteil.} dxc5 15. Bxc5 Rd8 16. e5 Na5 $1 $10) 14... b6 {Ftacnik The
position bears the structure of the Hedhehog, but the B from e7 was exchanged
for the Nc3. White s pawn structure is thus rather weak, but black s K is far
more endangered.} (14... e5 15. f5 b6 16. g4 $1 $16 {Moutousis,K-Wojtkiewicz,A/
Athens/1992/CBM30/INF54,(40)/}) 15. g4 (15. e5 dxe5 16. fxe5 Nd7 17. Nd4 Bb7
18. Bf4 Na5 19. Bxb7 Nxb7 20. Rad1 Na5 21. Qg4 Kh8 22. Qh5 Nxc4 {Heinig,
W-Psakhis,L/Berliner Sommer/1991/0-1 (36)}) 15... Bb7 (15... Ba6 {Das ist die
andere gute Möglichkeit, den Läufer zu entwickeln. Schwarz kontrolliert die
Schwäche c4.} 16. g5 Nd7 17. Rf3 Rfe8 18. Rh3 Ne7 $6 (18... Nf8 19. Rd1 $5 (19.
f5 Ne5 20. Qh5 Qxc4 21. Bd4 Qe2 22. Qh4 Qg4 23. Qxg4 Nxg4 24. Rg3 Ne5 25. h4
Rac8 26. h5 Be2 27. h6 g6 28. Re1 Bb5 29. f6 Nfd7 30. Rd1 Red8 31. Bf1 Bxf1 32.
Kxf1 Kf8 {0-1 Lobron,E-Hulak,K/Erevan olm 1996 (50)}) (19. Qh5 $5 Bxc4 20. f5
Ne5 21. Bd4 g6 22. Qh6 exf5 23. exf5 gxf5 24. Bxa8 Rxa8 25. Nd2 Ba6 26. Nf1 Re8
27. Ne3 Re6 {1/2-1/2 Illescas Cordoba,M-Gelfand,B/Dos Hermanas 1994 (60)})
19... Rad8 20. f5 Ne5 21. Qh5 Qxc4 22. Nd4 $13 {~~ Garcia Ilundain,D-Izeta,F/
Espana 1993}) 19. f5 $1 exf5 20. exf5 Bxc4 21. Qh5 Nf8 22. Nd4 (22. Bxa8 $2
Nxf5 $44) 22... Bd5 23. f6 {+/- Akesson,R-Hansen,C/Reykjavik (zt) 1995 (32)})
16. g5 Nd7 17. Rf3 Rfe8 $1 $13 {Das ist ein guter prophylaktischer Zug. Der
Turmzug macht das Feld f8 für den Springer frei und in einigen Varianten (wie
in unsere Partie) öffnet sich die e-Linie, so daß der Turm auf e8 gut steht.} (
17... Ne7 18. Rh3 {Ftacnik Somewhat artificial but often very efficient way of
preparing strong attack.} Rfc8 19. Qh5 Nf8 20. Nd2 (20. Nd4 $5 $13) 20... d5 {
Ftacnik Excellent move, that shows the vulnerability of opponents set up.
Pawns are rather exposed and white king can also come under fire.} 21. cxd5
exd5 22. f5 {0-1 Lobron,E-Kramnik,V/Dortmund 1995/CBM 48/[Kramnik] (36)}) 18.
Rh3 Nf8 (18... Rac8 19. Qh5 Nf8 20. Rf1 Ne7 (20... Na5 $5 21. Nd4 $5 (21. Nxa5
bxa5 22. Bxa7 Qxc4 $17) 21... Nxc4 22. Bc1 $15) 21. Nd2 Ba6 22. Bd4 (22. f5 {
Hjartarson,J-Arnason,J/Reykjavik Olafsson 1995/CBM 49/[Hjartarson]/1/2-1/2 (57)
} Bxc4 $17) 22... Bxc4 23. Rf2 e5 24. fxe5 dxe5 25. Nxc4 exd4 26. Qxf7+ Kh8 27.
Bf1 dxc3 28. e5 Neg6 {0-1 Illescas Cordoba,M-Leko,P/Leon 1996/CBM 54/[Ribli] 
(37)}) 19. Rf1 $146 Ba6 20. Nd2 Na5 $15 {[%csl Ga5,Ga6,Rc4,Gc7]} 21. Qh5 Nxc4
22. Nxc4 Bxc4 {Weiß hat einen Bauern weniger. Er besitzt das Läuferpaar, aber
das nur scheinbar aktive Spiel am Königsflügel bringt ihm nichts besonderes
ein. Schwarz kann mit dem Eröffnungsergebnis zufrieden sein.} 23. Rf2 d5 (23...
Rac8 $17) 24. f5 $8 {Nur dieser Zug erhält die Initiative am Königsflügel
aufrecht.} (24. e5 Bd3 {[%cal Gd3g6]}) 24... exf5 (24... dxe4 25. f6 $36 (25.
Bxe4 exf5 26. Bxa8 Rxa8 $15 {Schwarz hat zwei Bauern für die Qualität, aber
die schwachen weißen Felder im Lager des Anziehenden sind von noch größerer
Bedeutung.})) 25. exf5 {[%cal Ge8e3]} Qe5 26. Bd4 {[%csl Gd4]} (26. f6 Qxc3 $17
) 26... Qe1+ 27. Bf1 Bxf1 (27... Re4 $5 $17 {[%csl Ge4] Die weiße Stellung ist
lahmgelegt und ich kann nicht sehen, wie er sein Gegenspiel organisieren soll.}
) 28. Rxf1 Qe2 29. Rhf3 {Weiß muß im Sinne möglichen Gegenspiels die Damen auf
dem Brett halten.} (29. Qxe2 Rxe2 $17) 29... Re4 $17 {[%csl Ge4]} 30. Kh1 Rae8
31. g6 $5 {Gut oder nicht, Weiß muß das Spiel komplizieren.} f6 $5 {Schwarz
schränkt die Beweglichkeit des d4-Läufers ein.} (31... fxg6 32. fxg6 {[%cal
Rh5d5]}) (31... hxg6 32. fxg6 f6 $5 (32... Nxg6 33. Qxd5 $40 R4e6 34. Rxf7 $14
{[%csl Rg7]}) 33. Bxf6 gxf6 34. g7 Nh7 $19 (34... Kxg7 35. Rg1+ $18)) 32. R1f2
Qd1+ 33. Kg2 h6 (33... Re1 34. Kh3 Qb1 {[%cal Gb1h7]} 35. Rg3 h6 $5) 34. Qh3 {
[%cal Gh3g3,Gh3c7] Es gibt keinen direkten Angriff am Königsflügel mehr, so
verbessert Weiß seine Damenstellung.} (34. Bxf6 gxf6 35. g7 Nh7 $19) 34... Re2
(34... Nd7 $17 {[%cal Rd7e5]}) 35. Qg3 Rxf2+ (35... Nd7 36. Qd6 Rxf2+ 37. Rxf2
Qg4+ 38. Kf1 Qh3+ 39. Kg1 (39. Rg2 Qxf5+ $19) 39... Re1+) 36. Rxf2 Re7 $2 {
Schwarz verteidigt sich gegen das mögliche Eindringungen der Dame.} (36... Nd7
37. Qd6 Qg4+ $19) 37. h3 $5 {Ein nützlicher Zug, der das eventuelle ...Qg4
verhindert.} Qe1 (37... Nd7 $2 {Jetzt ist es zu spät für diesen Springerzug.}
38. Qd6 $40 {[%csl Rd5,Gd6,Gf5,Gg6,Rg8]}) 38. Qd6 $44 Qe4+ 39. Kh2 Rd7 40. Qc6
{[%csl Gc6] Weiß hat einen Minusbauern, aber die aktive Dame und die immer
gefährliche Bauernmasse f5/g6 bieten ausreichende Kompensation für das
Material.} Qe7 41. a4 {Legt die schwarzen Bauern am Damenflügel fest.} Rd6 {
Hier wurde remis gegeben, nachdem Weiß über nicht mehr als Kompensation
verfügt, während Schwarz seinen Materialvorteil nicht verwerten kann. Ribli.} (
41... Qd6+ 42. Qxd6 Rxd6 43. Re2 $44 {[%cal Re2e8]}) (41... Rd6 42. Qc8 Rd8 43.
Qc6 $11) 1/2-1/2

[Event "Sigeman & Co 07th"]
[Site "Malmo"]
[Date "1999.06.14"]
[Round "6"]
[White "Agrest, Evgenij"]
[Black "De Firmian, Nick E"]
[Result "1/2-1/2"]
[WhiteElo "2533"]
[BlackElo "2610"]
[Annotator "Ribli,Z"]
[PlyCount "67"]
[EventDate "1999.06.??"]
[EventType "tourn"]
[EventRounds "9"]
[EventCountry "SWE"]
[EventCategory "14"]
[SourceTitle "CBM 072"]
[Source "ChessBase"]
[SourceDate "1999.10.01"]
[SourceVersion "1"]
[SourceVersionDate "1999.10.01"]
[SourceQuality "1"]

{[%mdl 2560]} 1. c4 c5 2. Nf3 Nc6 3. d4 cxd4 4. Nxd4 Nf6 5. Nc3 e6 6. g3 Bc5 {
Eine heutzutage selten gespielte Fortsetzung. Die Alternativen 6...Bb4 und vor
allem 6...Qb6 werden häufiger gespielt. Ribli.} 7. Nb3 Bb4 8. Bg2 d5 9. cxd5 (
9. O-O dxc4 10. Nd2 O-O 11. Nxc4 Qe7 12. Bd2 Rd8 $11) 9... Nxd5 10. O-O Nxc3
11. Qxd8+ (11. bxc3 $5 {Ribli} Qxd1 12. Rxd1 Bxc3 13. Rb1 O-O 14. Nc5 $44 {
Razuvaev,Y-Polugaevsky,L/Moscow/1985/INF39,(72)/}) 11... Nxd8 (11... Kxd8 12.
bxc3 Bxc3 13. Rb1 a5 (13... Kc7 14. Bf4+ e5 15. Rfc1 exf4 16. Rxc3 Bf5 17. Rb2
Rhd8 18. Rc1 Rd6 19. gxf4 Rad8 20. h4 {1-0 Gleizerov,E-Moiseenko,A/Minsk op
1996/EXP 52 (39)}) 14. Be3 Bb4 15. Rfc1 $1 Ke7 16. Nd4 Bd7 17. Nb5 $1 Kf6 18.
a3 Be7 19. h4 $1 Kg6 20. Rd1 Be8 21. g4 Bxh4 22. Nd6 f5 23. Rxb7 Rd8 24. gxf5+
exf5 25. Rb6 Rb8 26. Ra6 f4 27. Bxf4 {1-0 Lautier,J-Leko,P/Cap d'Agde 1994 (27)
}) 12. bxc3 Bxc3 13. Rb1 {[%csl Yc5][%cal Gg2a8,Gb1b7] Schwarz besitzt einen
Mehrbauern, aber Weiss hat gute Kompensation. Der g2-Läufer kontrolliert die
lange Diagonale und es droht Nc5, Ba3, Tfc1 mit lebendigem Figurenspiel.} a5 $1
{Ein Schlüsselzug für Schwarz. In einigen Varianten kann er später ...Bb4
ziehen. Die andere Idee des Zuges ist ...Ra6.} (13... Bd7 $6 14. Nc5 $1 Bc6 15.
Ba3 $1 $16 b6 $6 (15... Bxg2 16. Kxg2 Bf6 $8 17. Nxb7 Be7 18. Nd6+ $16) 16. Ne4
Be5 17. Rfd1 $1 {1-0 Greenfeld,A-Leko,P/Pamplona 1993/Inf 60/[Greenfeld,A] (45)
} (17. Rfc1 $6 f5)) (13... Bb4 $2 14. Nd4 Be7 (14... Bc5 15. Nb5 {/\ Nc7-a6}) (
14... a5 15. Nb5 O-O 16. Nc7 Rb8 17. Bf4) 15. Nb5 O-O 16. Nc7 Rb8 17. Bf4) (
13... O-O $6 14. Ba3 Re8 15. Nc5 $16) 14. Nc5 (14. Rd1 e5 (14... f6 15. a3 Rf8
16. Nc5 Rf7 17. Bf4 g5 18. Bd6 e5 19. Bd5 $16 {1-0 Reshevsky,S-Kogan,B/USA (ch)
1981/Inf 32 (54)}) 15. Be3 Bb4 16. Nc5 Bf5 17. Rbc1 Rc8 18. Nxb7 Nxb7 19. Bxb7
Rxc1 20. Rxc1 Be6 21. Bd5 Kd7 22. Bxe6+ Kxe6 23. Rc6+ Kd7 24. Ra6 {1/2-1/2
Ribli,Z-Baklan,V/BL98/99 Passau-Zähringen 1999/BL9899 (24)}) 14... Bb4 15. Na4
{[%csl Yb6][%cal Ra4b6,Rb6a8,Rb6c8]} Ra6 (15... Bd7 16. Nb6 Ra6 17. Nxd7 Kxd7
18. a3 Bd6 19. Bxb7 Nxb7 20. Rxb7+ Bc7 21. Bf4 Rc6 22. Ra7 $16 {[%csl Ra5]})
16. a3 Bd7 17. axb4 Bxa4 18. b5 (18. bxa5 Rxa5 19. Bxb7 {1/2-1/2 Sponheim,
O-Pacsay,L/Balatonbereny op 1988/TD 88\10 (19)}) 18... Rd6 (18... Ra8 19. Rb2 {
Gegen den Befreiungszug 19...Bc2 gerichtet. Im folgenden spielt Weiss 20.Be3
und 21.Ra1 mit Figurengewinn.}) (18... Rb6 19. Ra1 Bb3 (19... Bxb5 20. Rb1 $18
{[%csl Rb5,Rb6][%cal Rc1e3,Re3b6]}) 20. Rxa5 Bc4 21. Rd1 $1 Rxb5 (21... Bxe2
22. Rxd8+ Kxd8 23. Ra8+ Kd7 24. Rxh8 Rxb5 25. f4 Rb1 26. Kf2 $18) 22. Ra8 Ke7
23. Ba3+ Kf6 24. f4 Rb3 25. Bc5 b6 26. Bd4+ Kg6 27. Be5 f6 28. Bc7 $18) 19. Be3
(19. Bf4 Rd4 20. Be5 Rb4 21. Bxg7 Rg8 22. Bc3 Rxb5 23. Ra1 Rc5 24. Rxa4 Rxc3
25. Rxa5 Rg7 26. Rd1 Rc7 27. Rb5 f6 28. Bf3 Rgd7 {1/2-1/2 Tukmakov,V-Tal,M/
Erevan 1980/Inf 29 (58)}) (19. Ba3 $5) 19... f6 {[%cal Gd8f7] Ein guter
Verteidigungszug. Schwarz bereitet ...Nf7 vor und befreit so den Springer.} (
19... Bc2 20. Rb2 Bd1 $5 $13) 20. Rfc1 {[%cal Gc1c7,Gc7h7]} Rd7 21. Kf1 Nf7 22.
Rc8+ Rd8 23. Bxb7 (23. Rc7 $6 Bxb5 $1 {Nach 24.Rxb5 kommt 24...Rd1 Matt.})
23... Nd6 24. Bc6+ (24. Rxd8+ Kxd8 25. Bc6 Nc4 $132 (25... Ke7 26. Bc5 $16 {
[%csl Gb5,Gc5,Gc6,Rd6,Re7]})) 24... Kf7 25. Rxd8 Rxd8 26. Bb6 {[%cal Rb6d8,
Rb6a5] Schwarz scheint in schwerer Not, kann sich aber ausreichend verteidigen.
} Rc8 27. Bxa5 {[#]} Bxb5 $1 28. Bxb5 Rc5 $11 {Mit dieser kleinen Kombination
gewinnt Schwarz das Material zurück und erlangt gleiche Chancen.} 29. Bd3 Rxa5
30. Rb6 Ke7 31. Bxh7 Rh5 {[%cal Rh5h2,Rh5h7]} 32. Bd3 Rxh2 33. Ra6 f5 34. Ra7+
{Und hier wurde Remis vereinbart. Die Stellung ist gleich.} 1/2-1/2

[Event "Dos Hermanas"]
[Site "Dos Hermanas"]
[Date "1994.??.??"]
[Round "7"]
[White "Illescas Cordoba, Miguel"]
[Black "Gelfand, Boris"]
[Result "1/2-1/2"]
[WhiteElo "2590"]
[BlackElo "2685"]
[Annotator "Ribli,Z"]
[PlyCount "121"]
[EventDate "1994.04.??"]
[EventType "tourn"]
[EventRounds "9"]
[EventCountry "ESP"]
[EventCategory "16"]
[SourceTitle "CBM 041"]
[Source "ChessBase"]
[SourceDate "1994.08.01"]
[SourceVersion "1"]
[SourceVersionDate "1994.08.01"]
[SourceQuality "1"]

1. Nf3 Nf6 2. c4 c5 3. Nc3 Nc6 4. d4 cxd4 5. Nxd4 e6 6. g3 Qb6 7. Nb3 Ne5 8. e4
Bb4 9. Qe2 d6 10. f4 Nc6 11. Be3 Bxc3+ 12. bxc3 Qc7 13. Bg2 O-O 14. O-O (14. c5
dxc5 15. Bxc5 Rd8 16. e5 Na5 $10 {Uhlmann,W-Van der Wiel,J/Baden Baden-B/1992/
CBM33/INF56,(45)/}) 14... b6 $1 (14... e5 15. f5 b6 16. g4 $1 $16 {Moutousis,
K-Wojtkiewicz,A/Athens/1992/CBM30/INF54,(40)/}) 15. g4 Ba6 16. g5 Nd7 17. Rf3
Rfe8 18. Rh3 Nf8 19. Qh5 $5 (19. Nd2 Na5 $13) 19... Bxc4 20. f5 Ne5 (20... e5
$2 21. f6 $36) 21. Bd4 (21. f6 Neg6 $13) 21... g6 (21... Rad8 $2 22. f6 $36)
22. Qh6 (22. fxg6 $2 fxg6 23. Qh6 Re7 $17 (23... Qg7 24. Qh4 Nfd7 $17)) 22...
exf5 23. exf5 gxf5 24. Bxa8 Rxa8 25. Nd2 Ba6 26. Nf1 Re8 (26... Bb7 27. Ne3 Be4
(27... Qc6 28. Bxe5 $16) 28. Rf1 $16) 27. Ne3 Re6 28. Qh5 Qc6 (28... Bb7 $5 29.
Rf1 Qc6 30. Bxe5 (30. Rxf5 $2 Qh1+ 31. Kf2 Nd3+ 32. Ke2 Qe1+ 33. Kxd3 Be4+ 34.
Kc4 Bxf5 35. Nxf5 Qf1+ $17) 30... Rxe5 $44) 29. Bxe5 (29. Nxf5 $2 Bb7 $17)
29... Rxe5 (29... Bb7 $5) 30. Qf3 Qxf3 (30... Qxc3 31. Rd1 Bb7 32. Qxb7 Rxe3
33. Rxe3 Qxe3+ 34. Kh1 Ne6 $44) 31. Rxf3 Bb7 32. Rh3 f4 33. Nc4 Rxg5+ 34. Kf2
Rg2+ 35. Kf1 Rc2 36. Ke1 Bg2 (36... Ng6 37. Nxd6 Bc6 $44) 37. Rd3 Be4 38. Rd2
Rxc3 39. Nxd6 Re3+ (39... Bc6 $6 40. Nf5 $1) 40. Re2 Bd3 41. Rxe3 fxe3 42. Rd1
Bg6 43. Nc4 Bf5 44. Nxe3 Be6 45. Nd5 Ng6 46. a3 Ne5 47. Nf4 Bb3 48. Rd8+ Kg7
49. Kd2 a5 50. Kc3 a4 51. Rb8 Nc4 52. Kb4 Ne3 53. Rxb6 Nc2+ 54. Kc5 Nxa3 55.
Nh5+ Kf8 56. Ra6 Nc2 57. Kd6 f5 $1 58. Ke5 Ke7 59. Ng7 a3 60. Nxf5+ Kd7 61.
Ra7+ 1/2-1/2

[Event "Lippstadt"]
[Site "Lippstadt"]
[Date "1994.??.??"]
[Round "9"]
[White "Matthias, Heiner"]
[Black "Farago, Ivan"]
[Result "1/2-1/2"]
[WhiteElo "2320"]
[BlackElo "2515"]
[Annotator "Ribli,Z"]
[PlyCount "95"]
[EventDate "1994.06.??"]
[EventType "tourn"]
[EventRounds "11"]
[EventCountry "GER"]
[EventCategory "8"]
[SourceTitle "CBM 043"]
[Source "ChessBase"]
[SourceDate "1994.12.01"]
[SourceVersion "1"]
[SourceVersionDate "1994.12.01"]
[SourceQuality "1"]

1. Nf3 Nf6 2. c4 c5 3. Nc3 Nc6 4. d4 cxd4 5. Nxd4 e6 6. Ndb5 Bc5 7. Bf4 O-O 8.
Bc7 $1 (8. Bd6 Qb6 $1 9. Bxc5 Qxc5 10. e3 d5 $10) 8... Qe7 9. Bd6 Bxd6 10. Qxd6
Qd8 11. e3 (11. e4 $1 a6 12. Nc7 Ne8 13. Nxe8 Rxe8 14. Be2 $14 {Kortschnoi,
V-Grunfeld,Y/Luzern ol/1982/INF33,(65)/}) 11... a6 12. Nd4 (12. Nc7 $5) 12...
Qa5 (12... Qb6 $5 13. Rb1 Ne8 $13) 13. Nb3 Qg5 14. Qg3 Qf5 15. O-O-O (15. Rd1
$5) 15... b5 16. Bd3 Qh5 17. Be2 Qh6 18. cxb5 axb5 19. Bxb5 Nb4 20. a3 Nbd5 21.
Nxd5 Nxd5 22. h4 Ba6 23. Bxa6 Rxa6 24. Qg5 Qxg5 25. hxg5 Rc8+ 26. Kb1 Rb6 27.
Rd3 Nc3+ $1 28. Rxc3 Rxc3 29. bxc3 Rxb3+ 30. Ka2 Rxc3 31. Kb2 Rc5 32. Rc1 Rb5+
33. Ka2 Kf8 34. f4 Ke7 35. a4 Rd5 36. Kb3 Kd8 37. Kb4 Rd2 38. Rh1 Rb2+ 39. Kc5
(39. Kc3 $5 Re2 $1 (39... Rxg2 40. Rxh7 Re2 41. Kd3 Ra2 42. Rxg7 Ke8 43. Rg8+
Ke7 44. Ra8 $16) 40. Kd3 Rxg2 41. Rxh7 Ke7 42. Rxg7 Kf8 43. Rh7 Kg8 44. Rh1 Ra2
$10) 39... Rc2+ 40. Kb5 Rb2+ 41. Ka6 h6 $1 42. gxh6 gxh6 43. g4 (43. Rxh6 Rxg2
44. Rh7 Re2 45. Rxf7 Rxe3 $10) 43... Rb3 44. Re1 d5 45. a5 Kc7 46. Ka7 Rb7+ 47.
Ka6 Rb3 48. Ka7 1/2-1/2

[Event "Veterans-Women"]
[Site "Monte Carlo"]
[Date "1994.??.??"]
[Round "7"]
[White "Chiburdanidze, Maia"]
[Black "Larsen, Bent"]
[Result "1-0"]
[WhiteElo "2520"]
[BlackElo "2560"]
[Annotator "Ribli,Z"]
[PlyCount "71"]
[EventDate "1994.06.??"]
[EventType "schev"]
[EventRounds "6"]
[EventCountry "MNC"]
[SourceTitle "CBM 042"]
[Source "ChessBase"]
[SourceDate "1994.10.01"]
[SourceVersion "1"]
[SourceVersionDate "1994.10.01"]
[SourceQuality "1"]

1. Nf3 c5 2. c4 Nc6 3. d4 cxd4 4. Nxd4 Nf6 5. Nc3 e6 6. a3 Be7 7. e4 d6 $6 (
7... O-O $1 8. Nf3 (8. Nb3 b6 9. Be2 Ba6 10. Be3 Rc8 11. f4 d6 $13 {Xu
Jun-Adorjan,A/Shenzen/1992/CBM31/}) (8. Be2 d5 9. exd5 exd5 10. Nxc6 bxc6 11.
cxd5 Nxd5 12. Nxd5 cxd5 13. O-O Bf6 $10 {Bagirov,V-Schlosser,P/Brno-B/1991/
CBM26/}) 8... b6 9. Bf4 d6 10. Be2 Bb7 11. O-O $10 {Korschnoj,V-Stohl,I/
Tilburg 20'/1993/CBM39/}) 8. Be2 O-O 9. O-O a6 (9... Bd7 10. Be3 a6 11. Nxc6
Bxc6 12. Bd3 b6 13. f4 Nd7 $13) 10. Nxc6 bxc6 11. Be3 c5 12. f4 Qc7 13. Qc2 (
13. Bd3 $5 Bb7 14. Qf3 Rae8 15. Rae1 $13) 13... Bb7 14. Rae1 Nd7 15. Bd3 Rae8
16. Rf3 g6 17. Rh3 f5 (17... Bf6) 18. exf5 exf5 19. Bf2 Bf6 20. Rd1 Bxc3 $5 (
20... Bg7 21. Nd5 Qd8 22. b4 $14) 21. Qxc3 Nf6 22. b4 Qc6 23. Bf1 Re2 $2 (23...
Ne4 $1 $13) 24. Rxd6 $1 Qxd6 25. Bxe2 Ne4 26. Qe5 Qd2 27. Qe6+ Rf7 (27... Kh8
28. Qe7 $18) 28. Rxh7 Kxh7 29. Qxf7+ Kh6 30. Qg8 $1 Qc3 31. Bxc5 Nxc5 32. Qf8+
Kh7 33. Qxc5 Be4 34. Kf2 Qxa3 35. Qe7+ Kh6 36. g4 $1 1-0

[Event "MK Cafe Cup-A"]
[Site "Koszalin"]
[Date "1999.08.07"]
[Round "5"]
[White "Ftacnik, Lubomir"]
[Black "Jaracz, Pawel"]
[Result "1/2-1/2"]
[WhiteElo "2589"]
[BlackElo "2477"]
[Annotator "Ribli,Z"]
[PlyCount "68"]
[EventDate "1999.08.03"]
[EventType "swiss"]
[EventRounds "9"]
[EventCountry "POL"]
[SourceTitle "CBM 073"]
[Source "ChessBase"]
[SourceDate "1999.12.01"]
[SourceVersion "1"]
[SourceVersionDate "1999.12.01"]
[SourceQuality "1"]

{[%mdl 24]} 1. c4 c5 2. Nf3 Nf6 3. Nc3 Nc6 4. d4 cxd4 5. Nxd4 e6 6. g3 Qb6 {
Das ist die prinzipielle Fortsetzung für Schwarz. Ribli.} 7. Nb3 (7. Ndb5 Ne5 {
Diese Variante ist weniger analysiert als unsere Partiefortsetzung.}) 7... Ne5
8. e4 Bb4 9. Qe2 {Die Dame verteidigt gleichzeitig den c4- und den e4-Bauern.}
d6 (9... Bxc3+ $2 10. bxc3 d6 11. f4 Nc6 12. Ba3 $16) 10. f4 {10.Bd2 (mit der
Idee 11.0-0-0) war sehr populär vor einem Jahr, aber Schwarz kann mit 10...a5
fortsetzen und hat gute Ausgleichschancen.} Nc6 11. Be3 Bxc3+ 12. bxc3 Qc7 13.
Bg2 {Weiss kontrolliert mehr Raum und hat das Läuferpaar, aber die schwarze
Stellung ist fest. Meines Erachtens ist die ganze Variante nicht besonders
gefährlich für Schwarz, aber er muss genau spielen.} O-O 14. Rd1 $146 {
Grossmeister Ftacnik hat immer interessante Eröffnungsideen. Weiss rochiert 
(noch) nicht, sondern möchte im Zentrum aktiv spielen.} (14. O-O b6 {[%csl Yc3,
Yc4,Rg8]} 15. g4 (15. e5 dxe5 16. fxe5 Nd7 17. Nd4 Bb7 18. Bf4 Na5 19. Bxb7
Nxb7 20. Rad1 Na5 21. Qg4 Kh8 22. Qh5 Nxc4 23. Nf3 Qc5+ 24. Kg2 {Heinig,
W-Psakhis,L/Berliner Sommer/1991/0-1 (36)}) (15. Nd4 Bb7 16. Nb5 Qe7 17. Rad1
Rfd8 18. Qd3 Ne8 19. Rf2 Na5 20. Nxa7 Rxa7 21. Bxb6 Bc6 22. c5 Rdd7 23. Bxa7
dxc5 24. Qb1 {Ostenstad,B-Dvoirys,S/Gausdal Peer Gynt (6)/1991/0-1 (41)}) 15...
Bb7 16. g5 Nd7 17. Rf3 Rac8 (17... Rfe8 18. Rh3 Nf8 19. Rf1 Ba6 20. Nd2 Na5 $15
{[%csl Ga5,Ga6,Rc4,Gc7]} 21. Qh5 Nxc4 22. Nxc4 Bxc4 {1/2-1/2 Akesson,
R-Schandorff,L/Reykjavic 1997/CBM 62/[Ribli] (41)}) 18. Rh3 Rfe8 $1 19. Qh5 Nf8
20. Rf1 Ne7 21. Nd2 Ba6 $1 (21... d5 22. cxd5 exd5 23. Bd4 dxe4 24. f5 Nxf5 25.
Rxf5 e3 26. g6 fxg6 27. Bd5+ Bxd5 28. Rxf8+ Kxf8 29. Qxd5 Re7 30. Rxh7 Rf7 31.
Qe6 {1-0 Lesiege,A-Sulypa,A/1st Master, Gonfreville FRA 1999 (31)}) 22. Bd4 (
22. f5 Bxc4 $15 {Hjartarson,J-Arnason,J/Reykjavik/1995/CBM49/INF64,42/} 23.
Nxc4 Qxc4 24. f6 Neg6 25. fxg7 Kxg7 26. Rhf3 Rc7 $15) 22... Bxc4 23. Rf2 e5 $1
{0-1 Illescas Cordoba,M-Leko,P/Leon 1996/CBM 54/[Ribli] (37)}) (14. c5 {
Weiss kann sich von seinen Doppelbauern befreien, aber er hat keinen
Eröffnungsvorteil.} dxc5 15. Bxc5 Rd8 16. e5 Na5 $11) 14... b6 {Schwarz plant
15...Bb7. Der c4-Bauer ist festgelegt, daher muss Weiss aktiv spieln,
ansonsten bleibt er auf seinen Bauernschwächen sitzen.} (14... e5 15. f5 $36 {
[%cal Gg3g4]}) 15. e5 {Das ist die Idee von 14.Rad1.} dxe5 (15... Ne8 16. Nd4 (
16. exd6 Nxd6) 16... Nxd4 17. cxd4 $14 (17. Bxd4 Bb7 $11)) 16. fxe5 Nd7 17. Nd4
Nxd4 (17... Bb7 18. Nb5 $36 {[%csl Yd6]}) 18. cxd4 Bb7 $11 {Es ist strategisch
schlau von Schwarz, die weissfeldrigen Läufer zu tauschen.} 19. Bxb7 (19. O-O
Bxg2 20. Kxg2 Rac8 $11) 19... Qxb7 20. O-O Rac8 {[%cal Gc8c4] Der weise
c4-Bauer ist der Angriffspunkt.} 21. Rc1 f6 $5 {Schwarz sprengt die weisse
Bauernkette.} (21... Rc7 22. Qg4 $36) 22. exf6 (22. Qg4 f5 $11 (22... Rce8 23.
Bh6 Re7 $11)) 22... Nxf6 {Die Bauernschwächen sind hier beiderseitig. Der
schwarze e-Bauer ist ebenso schwach wie der weisse c-Bauer.} 23. Bf4 Qc6 24.
Rf3 $6 {Weiss möchte 25.Re3 spielen, aber er übersieht die schwarze Antwort.} (
24. Rfe1 $11) 24... Nh5 $15 {[%csl Rf3,Rf4][%cal Gc6f3,Gf8f3] Der f4-Läufer
und der f3-Turm stehen unglücklich.} 25. Rcc3 Nxf4 (25... Rf5 $15) 26. gxf4 Qd6
{[%csl Rc4,Rd4,Rf4][%cal Rd6d4,Rf8f4,Rd6f4] Die weissen Bauern sind allesamt
schwach. Weiss muss jetzt ums Remis kämpfen.} 27. Qe4 (27. Qf2 Rcd8 28. Rcd3
Qc6 29. Rc3 Qe4 $17 {Nach 30.Rcd3 kommt 30...Rxf4.}) 27... Rf6 {[%cal Gc8f8,
Gf8f4]} 28. d5 $5 {Weiss opfert einen Bauern, aber im folgenden Turmendspiel
hat er Remischancen.} exd5 29. Qxd5+ Qxd5 (29... Kh8 30. Qxd6 Rxd6 31. Rfd3 $15
) 30. cxd5 Rxc3 31. Rxc3 Rxf4 {[%csl Gd5][%cal Gc3c8] Schwarz hat einen Bauern
gewonnen, aber die Aktivität des weissen Turmes rettet die Partie.} 32. Rc7 Rd4
(32... Rf7 $2 33. d6 $18 {[%csl Gd6]}) 33. Rxa7 Rxd5 34. a4 $11 {Weiss möchte
die Bauern am Damenflügel tauschen. das verbleibende Turmendspiel ist dann
leicht remis.} Ra5 (34... b5 $11) (34... Ra5 35. Rb7 Rxa4 36. Rxb6 $11 {
Der schwarze Mehrbauer ist nicht zu verwerten.}) (34... h6 35. Ra6 Rd6 36. a5
$11) 1/2-1/2